A project appraisal framework for ports (Record no. 102884)

MARC details
000 -LEADER
fixed length control field 01329cam a2200217 4500
001 - CONTROL NUMBER
control field J122591
008 - FIXED-LENGTH DATA ELEMENTS--GENERAL INFORMATION
fixed length control field 030613n2003 000 0 eng u
035 ## - SYSTEM CONTROL NUMBER
System control number (Sirsi) u122591
041 ## - LANGUAGE CODE
Language code of text/sound track or separate title eng
050 ## - LIBRARY OF CONGRESS CALL NUMBER
Classification number 711.76
-- 18
110 ## - MAIN ENTRY--CORPORATE NAME
Corporate name or jurisdiction name as entry element DfT
9 (RLIN) 4403
245 #2 - TITLE STATEMENT
Title A project appraisal framework for ports
260 ## - PUBLICATION, DISTRIBUTION, ETC.
Place of publication, distribution, etc. London
Name of publisher, distributor, etc. DfT
Date of publication, distribution, etc. 2003
520 ## - SUMMARY, ETC.
Summary, etc. Sets out a project appraisal framework for port developments to assist promoters of port developments, those affected by port developments, those required to make decisions about port developments, and others who may wish to make representations about port developments. The framework sets out a way of organising information and analysis consistent with government objectives for transport and specific policy objectives for ports. It is also consistent with the procedural and other requirements of consenting regimes to which port developments may be subject. A summary of the responses to the consultation and a commentary on the responses are also available. View at www.shipping.dft.gov.uk.
650 ## - SUBJECT ADDED ENTRY--TOPICAL TERM
Topical term or geographic name entry element HARBOURS
650 ## - SUBJECT ADDED ENTRY--TOPICAL TERM
Topical term or geographic name entry element PLANNING GUIDANCE
650 ## - SUBJECT ADDED ENTRY--TOPICAL TERM
Topical term or geographic name entry element PORTS
690 ## - LOCAL SUBJECT ADDED ENTRY--TOPICAL TERM (OCLC, RLIN)
Topical term or geographic name as entry element ENVIRONMENTAL AND LAND CONSULTANCY-PLANNING AND DEVELOPMENT
856 ## - ELECTRONIC LOCATION AND ACCESS
Uniform Resource Identifier <a href="https://www.shipping.dft.gov.uk/ports/appraisal/index.htm">https://www.shipping.dft.gov.uk/ports/appraisal/index.htm</a>
Hours access method available View the framework on the DfT website...
942 ## - ADDED ENTRY ELEMENTS (KOHA)
Suppress in OPAC 0
Holdings
Withdrawn status Lost status Source of classification or shelving scheme Damaged status Not for loan Home library Current library Shelving location Date acquired Total Checkouts Full call number Barcode Date last seen Copy number Price effective from Koha item type
    Dewey Decimal Classification     Virtual Virtual Online 13/06/2003   ONLINE PUBLICATION 122591-1001 06/08/2019 1 06/08/2019 Book